000 00296nam a2200121 a 4500
008 100917s1982|||| d
100 1 _aDzvozník, Emil
245 1 0 _aDukáty v naftalíne
260 _c1982
_aBratislava
_bSlovenský spisovateľ
020 _c31
044 _axo
_cSK
041 _aslo
999 _c10434
_d10434